|
|
|
|
| LEADER |
01037nam a2200253 a 4500 |
| 001 |
GR-Patra13974 |
| 008 |
981019s1999 gr e b 001 b eng d |
| 020 |
|
|
|a 1566701791
|
| 040 |
|
|
|a GrPaTEI
|b gre
|c GR-PaULI
|
| 040 |
|
|
|a GrPaTEI
|b gre
|c GR-PaULI
|
| 044 |
|
|
|b dc
|
| 082 |
|
0 |
|a 579
|2 21
|
| 245 |
0 |
0 |
|a Microbiological examination of water and wastewater /
|c Maria Csuros and Csaba Csuros ; with contributions by Klara Ver.
|
| 260 |
|
|
|a Boca Raton, FL :
|b Lewis Publishers,
|c c1999
|
| 300 |
|
|
|a 324 σ. :
|b εικ.
|
| 504 |
|
|
|a Περιλαμβάνει βιβλιογραφικές παραπομπές (σ. 309) και ευρετήριο.
|
| 650 |
|
0 |
|a Sanitary microbiology
|
| 700 |
1 |
|
|a Csuros, Csaba
|
| 700 |
1 |
|
|a Csuros, Maria
|
| 710 |
0 |
|
|a Lewis Publishers
|
| 942 |
|
|
|2 ddc
|
| 952 |
|
|
|0 0
|1 0
|2 ddc
|4 0
|6 579_000000000000000_CSU
|7 0
|9 292980
|a LISK
|b LISK
|c BSC
|d 2021-01-17
|e 24
|f 0
|g 0.00
|l 0
|o 579 CSU
|p 92410018566
|r 2021-01-17 00:00:00
|t 1
|w 2021-01-17
|y BK15
|x 20001114 0 1
|x GrPaTEI
|
| 971 |
|
|
|a .b26614893
|b 15-04-20
|c 23-09-16
|
| 999 |
|
|
|c 171262
|d 171262
|